<?xml version="1.0" encoding="UTF-8"?>
<resp>
  <nextPage>https://data.bn.org.pl/api/networks/bibs.marcxml?marc=001+b00001150002611&amp;sinceId=1150002612</nextPage>
  <collection>
    <record xmlns='http://www.loc.gov/MARC21/slim'><leader>01017namZa2200325ZiZ4500</leader><controlfield tag='001'>b00001150002611</controlfield><controlfield tag='005'>20241203220219.1</controlfield><controlfield tag='008'>230609s        pl           |000 0 pol c</controlfield><controlfield tag='009'>9913261985905606</controlfield><datafield ind1=' ' ind2=' ' tag='020'><subfield code='a'>8371804830</subfield></datafield><datafield ind1=' ' ind2=' ' tag='035'><subfield code='a'>KR_1KR_1_20120317235537000789-48omnis_kr</subfield></datafield><datafield ind1=' ' ind2=' ' tag='035'><subfield code='a'>KR_1_20120317235537000789</subfield><subfield code='9'>ExL</subfield></datafield><datafield ind1=' ' ind2=' ' tag='035'><subfield code='a'>(PL)b00001150002611</subfield></datafield><datafield ind1=' ' ind2=' ' tag='040'><subfield code='a'>KR_1</subfield><subfield code='c'>KR_1</subfield></datafield><datafield ind1='1' ind2=' ' tag='041'><subfield code='a'>pol</subfield><subfield code='h'>eng</subfield></datafield><datafield ind1='1' ind2=' ' tag='100'><subfield code='a'>L`Engle, Madeleine</subfield></datafield><datafield ind1='1' ind2='0' tag='245'><subfield code='a'>Przeciąg w drzwiach /</subfield><subfield code='c'>Madeleine L`Engle ; przeł. Zofia Kierszys ; [il. Piotr Zwierzchowski].</subfield></datafield><datafield ind1=' ' ind2=' ' tag='260'><subfield code='a'>W-wa :</subfield><subfield code='b'>Prószyński i S-ka,</subfield><subfield code='c'>1999.</subfield></datafield><datafield ind1=' ' ind2=' ' tag='300'><subfield code='a'>181 s. :</subfield><subfield code='b'>il. ;</subfield><subfield code='c'>20 cm.</subfield></datafield><datafield ind1='1' ind2=' ' tag='490'><subfield code='a'>Tajemnica i Przygoda</subfield></datafield><datafield ind1=' ' ind2=' ' tag='500'><subfield code='a'>d</subfield></datafield><datafield ind1='1' ind2=' ' tag='700'><subfield code='a'>Kierszys, Zofia.</subfield><subfield code='e'>Tł.</subfield></datafield><datafield ind1='1' ind2=' ' tag='700'><subfield code='a'>Zwierzchowski, Piotr</subfield><subfield code='e'>Il.</subfield></datafield><datafield ind1=' ' ind2=' ' tag='852'><subfield code='b'>48OMNIS_NETWORK</subfield><subfield code='8'>9913261985905606</subfield></datafield><datafield ind1=' ' ind2=' ' tag='852'><subfield code='b'>48OMNIS_KR</subfield><subfield code='8'>991000026099708216</subfield></datafield><datafield ind1=' ' ind2=' ' tag='920'><subfield code='a'>83-7180-483-0</subfield></datafield></record>
  </collection>
</resp>
